| 000 | 00365 a2200169 4500 | ||
|---|---|---|---|
| 001 | 72517 | ||
| 020 | _a853224842X | ||
| 040 | _cAnchieta - Colégio São Paulo | ||
| 100 | _aDansa, Lecticia | ||
| 240 | 1 | 0 |
_aO planeta guerra _lpor |
| 245 | 1 | 0 | _aO planeta guerra |
| 300 | _a31 | ||
| 362 | 0 | _a2002 | |
| 440 | 1 | _aFTD | |
| 650 | 4 | _aLiteratura infantil | |
| 942 | _cBK | ||
| 999 |
_c72517 _d72517 |
||